Normal view
MARC view
Entry Topical Term
001 - CONTROL NUMBER
- control field: 245331
003 - CONTROL NUMBER IDENTIFIER
- control field:
005 - DATE AND TIME OF LATEST TRANSACTION
- control field: 20210601204530.0
008 - FIXED-LENGTH DATA ELEMENTS
- fixed length control field: 210601|| aca||aabn | a|a d
040 ## - CATALOGING SOURCE
- Original cataloging agency:
- Transcribing agency:
150 ## - HEADING--TOPICAL TERM
- Topical term or geographic name entry element: Beet sugar industry
670 ## - SOURCE DATA FOUND
- Source citation: Work cat.: (): Giusti, Jorge 245325, The National Congress of Unions in the Sugar Industry of the Philippines (NACUSIP) /, 1989
